Central Library OPAC University of Rajshahi

The growth of physical capital in agriculture, 1870-1950 / (Record no. 43787)

MARC details
000 -LEADER
fixed length control field 01072nam a2200277 a 4500
001 - CONTROL NUMBER
control field 43787
003 - CONTROL NUMBER IDENTIFIER
rucl marc code BD-RjUL
005 - DATE AND TIME OF LATEST TRANSACTION
control field 20211209053743.0
008 - FIXED-LENGTH DATA ELEMENTS--GENERAL INFORMATION
fixed length control field 160627s1954 nyua 000 0 eng u
035 ## - SYSTEM CONTROL NUMBER
System control number (BD-RjUL)43905
System control number (CStRLIN)NYBGAEB8178-B
040 ## - CATALOGING SOURCE
Transcribing agency WSU
Modifying agency m.c.
-- AKR
-- BNG
-- BD-RjUL
Original cataloging agency BD-RjUL
Language of cataloging eng
041 ## - LANGUAGE CODE
Language code of text/sound track or separate title eng
082 ## - DEWEY DECIMAL CLASSIFICATION NUMBER
Classification number 338.1
Edition number 23
Author mark and year TOG 1954
100 10 - MAIN ENTRY--PERSONAL NAME
Personal name Tostlebe, Alvin S.
Fuller form of name (Alvin Samuel),
Dates associated with a name 1894-
9 (RLIN) 134583
245 10 - TITLE STATEMENT
Title The growth of physical capital in agriculture, 1870-1950 /
Statement of responsibility, etc. by Alvin S.Tostlebe
260 ## - PUBLICATION, DISTRIBUTION, ETC. (IMPRINT)
Place of publication, distribution, etc. New York :
Name of publisher, distributor, etc. National Bureau of Economic Research,
Date of publication, distribution, etc. c1954
300 ## - PHYSICAL DESCRIPTION
Pagination xii, 92 p. :
Illustrations ill. ;
Size 23 cm.
490 1# - SERIES STATEMENT
Series statement National Bureau of Economic Research. Occasional paper ;
Series statement Studies in capital formation and financing
650 #0 - SUBJECT ADDED ENTRY--TOPICAL TERM
Topical term or geographic name as entry element Capital
Geographic subdivision United States.
9 (RLIN) 134584
Topical term or geographic name as entry element Agriculture
General subdivision Economic aspects
Geographic subdivision United States.
9 (RLIN) 134585
710 1# - ADDED ENTRY--CORPORATE NAME
Corporate name or jurisdiction name as entry element United States.
Subordinate unit Bureau of Agricultural Economics.
9 (RLIN) 134586
830 #0 - SERIES ADDED ENTRY--UNIFORM TITLE
Uniform title Occasional paper (National Bureau of Economic Research) ;
942 ## - ADDED ENTRY ELEMENTS (KOHA)
Source of classification or shelving scheme Dewey Decimal Classification
Koha item type Books
Holdings
Lost status Source of classification or shelving scheme Damaged status Not for loan Collection code Permanent Location Current Location Shelving location Date acquired Source of acquisition Total Checkouts Full call number Date last seen Copy number Koha item type
  Dewey Decimal Classification     Non-fiction Central Library, University of Rajshahi Central Library, University of Rajshahi   07/06/1963 U.S.B Enterprize   338.1 TOG 1954 27/06/2016 C-2 Books